Alle Länder, die gegen die deutsche Nationalmannschaft gewonnen haben - Statistiken

Allgemein
  • Dieses Quiz wurde 349 mal gespielt
    134 seit der letzten Aktualisierung
  • Das Durchschnittsergebnis liegt bei 36 aus 44
Antwortstatistiken
Jahr letzte Niederlage Nationalelf % Korrekt
2021 (EM) Frankreich
98%
2021 (EM) England
97%
2024 (EM) Spanien
97%
2014 Argentinien
96%
2018 Brasilien
96%
2019 Niederlande
96%
2012 (EM) Italien
95%
2025 Slowakei
95%
2025 Portugal
94%
2018 (WM) Südkorea
94%
2023 Japan
93%
2023 Österreich
93%
1978 Schweden
93%
2012 Schweiz
93%
2015 USA
92%
2018 (WM) Mexiko
91%
2023 Belgien
89%
2023 Polen
89%
2007 Dänemark
88%
2023 Türkei
88%
2022 Ungarn
87%
2008 Kroatien
85%
2007 Tschechien
85%
2009 Norwegen
84%
2023 Kolumbien
83%
1923 Finnland
81%
2015 Irland
81%
1928 Uruguay
81%
1968 Chile
80%
2010 (WM) Serbien
80%
1995 Bulgarien
75%
2004 Rumänien
75%
1999 Schottland
75%
2011 Australien
74%
1983 Nordirland
71%
2002 Wales
68%
1958 Ägypten
67%
1985 Sowjetunion
65%
1973 Jugoslawien
63%
1982 (WM) Algerien
57%
1974 (WM) DDR
53%
2021 Nordmazedonien
48%
1964 Tschechoslowakei
46%
1939 Luxemburg
43%
Keine übereinstimmenden Quizze gefunden
Verteilung der Resultate
Anzahl Personen mit jedem Resultat
Perzentil nach korrekt beantworteten Fragen
Ihre Resultats-Entwicklung
Sie haben dieses Quiz seit der letzten Aktualisierung nicht gespielt